000 00542nam a2200217 a 4500
001 0001-2183
003 ELIB.Books
008 190802 2010 eng
020 _aKBTS
092 _a248
_bOur
100 _aOursler, Will.
245 _aThe Road to Faith
260 _aNew York
_bHolt, Rinehart and Winston
_c1960
300 _a223
_c21cm
650 _aChristian Life
856 _nKBTS Library
_uKBTS Elib
942 _2ddc
_cBK
990 _a1
998 _aEnglishbooks.elf
_ccat
_e2019-08-02
999 _c12183
_d12183